UM Logo
Normal view MARC view
  • Risse, Leonora.

Entry Corporate Name

Number of records used in: 1

001 - CONTROL NUMBER

  • control field: 64356

003 - CONTROL NUMBER IDENTIFIER

  • control field: OSt

005 - DATE AND TIME OF LATEST TRANSACTION

  • control field: 20241128132929.0

008 - FIXED-LENGTH DATA ELEMENTS

  • fixed length control field: 241128|| aca||aabn | a|a d

040 ## - CATALOGING SOURCE

  • Original cataloging agency: OSt

110 ## - HEADING--CORPORATE NAME

  • Corporate name or jurisdiction name as entry element: Risse, Leonora.
  • Relator term: author.